Top 10 countries by richest person - Statistics

General Stats
  • This quiz has been taken 108 times
  • The average score is 9 of 10
Answer Stats
Top Richest Person Country % Correct
#1 Jeff Bezos United States
100%
#20 Ma Huateng China
96%
#4 Bernard Arnault France
94%
#23 Beate Heister Germany
93%
#27 David Thomson Canada
91%
#5 Carlos Slim Mexico
91%
#6 Amancio Ortega Spain
88%
#13 Mukesh Ambani India
85%
#35 Jorge Paulo Lemann Brazil
81%
#32 Leonid Michelson Russia
74%
No matching quizzes found
Score Distribution
Percent of People with Each Score
Percentile by Number Answered
Your Score History
You have not taken this quiz